| 000 | 00493 a2200193 4500 | ||
|---|---|---|---|
| 005 | 20260318090333.0 | ||
| 008 | 260316b |||||||| |||| 00| 0 eng d | ||
| 020 |
_a9788195226078 _cRs. 995.00 |
||
| 040 | _aMAIN | ||
| 082 |
_a158.12 _bP275P |
||
| 100 | _aPatrick, G T W | ||
| 245 | _aPsychology of relaxation | ||
| 260 |
_aDelhi _bPsycho Information Technologies _c2022 |
||
| 300 | _a201 | ||
| 650 | _aPsychology | ||
| 650 | _aApplied Psychology | ||
| 650 | _aRelaxation | ||
| 942 | _cBK | ||
| 999 |
_c396166 _d396166 |
||